<?xml version="1.0" encoding="UTF-8"?>
<record
    xmlns:xsi="http://www.w3.org/2001/XMLSchema-instance"
    xsi:schemaLocation="http://www.loc.gov/MARC21/slim http://www.loc.gov/standards/marcxml/schema/MARC21slim.xsd"
    xmlns="http://www.loc.gov/MARC21/slim">

  <leader>03033nam a2200421 a 4500</leader>
  <controlfield tag="001">ebr10369835</controlfield>
  <controlfield tag="003">CaPaEBR</controlfield>
  <controlfield tag="006">m        u        </controlfield>
  <controlfield tag="007">cr cn|||||||||</controlfield>
  <controlfield tag="008">090514s2009    dcu     sb   i001 0 eng  </controlfield>
  <datafield tag="010" ind1=" " ind2=" ">
    <subfield code="z">  2009019925</subfield>
  </datafield>
  <datafield tag="015" ind1=" " ind2=" ">
    <subfield code="a">GBA952702</subfield>
    <subfield code="2">bnb</subfield>
  </datafield>
  <datafield tag="016" ind1="7" ind2=" ">
    <subfield code="z">015266700</subfield>
    <subfield code="2">Uk</subfield>
  </datafield>
  <datafield tag="020" ind1=" " ind2=" ">
    <subfield code="z">9780821378830 (pbk.)</subfield>
  </datafield>
  <datafield tag="020" ind1=" " ind2=" ">
    <subfield code="z">082137883X (pbk.)</subfield>
  </datafield>
  <datafield tag="020" ind1=" " ind2=" ">
    <subfield code="z">9780821379639 (electronic)</subfield>
  </datafield>
  <datafield tag="020" ind1=" " ind2=" ">
    <subfield code="z">0821379631 (electronic)</subfield>
  </datafield>
  <datafield tag="040" ind1=" " ind2=" ">
    <subfield code="a">CaPaEBR</subfield>
    <subfield code="c">CaPaEBR</subfield>
  </datafield>
  <datafield tag="035" ind1=" " ind2=" ">
    <subfield code="a">(OCoLC)431300694</subfield>
  </datafield>
  <datafield tag="050" ind1="1" ind2="4">
    <subfield code="a">HN18.3</subfield>
    <subfield code="b">.B85 2009eb</subfield>
  </datafield>
  <datafield tag="082" ind1="0" ind2="4">
    <subfield code="a">320.609172/4</subfield>
    <subfield code="2">22</subfield>
  </datafield>
  <datafield tag="245" ind1="0" ind2="0">
    <subfield code="a">Building equality and opportunity through social guarantees</subfield>
    <subfield code="h">[electronic resource] :</subfield>
    <subfield code="b">new approaches to public policy and the realization of rights /</subfield>
    <subfield code="c">Estanislao Gacit&#xFFFD;ua-Mari&#xFFFD;o, Andrew Norton, and Sophia V. Georgieva, editors.</subfield>
  </datafield>
  <datafield tag="260" ind1=" " ind2=" ">
    <subfield code="a">Washington, DC :</subfield>
    <subfield code="b">World Bank,</subfield>
    <subfield code="c">c2009.</subfield>
  </datafield>
  <datafield tag="300" ind1=" " ind2=" ">
    <subfield code="a">xxvi, 270 p.</subfield>
  </datafield>
  <datafield tag="490" ind1="1" ind2=" ">
    <subfield code="a">New frontiers of social policy</subfield>
  </datafield>
  <datafield tag="504" ind1=" " ind2=" ">
    <subfield code="a">Includes bibliographical references and index.</subfield>
  </datafield>
  <datafield tag="505" ind1="0" ind2=" ">
    <subfield code="a">Social policy, citizenship, and the realization of rights / Andrew Norton, Estanislao Gacit&#xFFFD;ua-Mari&#xFFFD;o, and Sophia V. Georgieva -- Increasing social inclusion through social guarantees / Estanislao Gacit&#xFFFD;ua-Mari&#xFFFD;o and Andrew Norton -- Democratic governance and institution building for inclusive social policy : the Latin American experience / Estanislao Gacit&#xFFFD;ua-Mari&#xFFFD;o, Sophia V. Georgieva, and Leonardo Moreno -- Comprehensive social policy for inclusive and sustainable globalization / Steen Lau Jorgensen and Rodrigo Serrano-Berthet -- Implementing social guarantees : the regime of explicit guarantees in health in Chile / Leonardo Moreno and Mauricio Rosenbl&#xFFFD;uth -- The role of the courts in realizing rights to housing and health : the case of South Africa / Sibonile Khoza -- Establishing social equity : Bolivia, Ecuador, and Peru / Sophia V. Georgieva ... [et al.] -- Achieving equitable and inclusive citizenship through social policy : the case of Jamaica and St. Kitts and Nevis / Rachel Hannah Nadelman, Lavern Louard-Greaves, and Carol Watson Williams -- Moving toward comprehensive social policy : the case of Uruguay / Fernando Filgueira, Sophia V. Georgieva, and Sergio Lijtenstein -- A bridge to peace through citizenship building : guaranteeing health and education rights in Colombia / Fl&#xFFFD;avia Carbonari and Jorge E. Vargas.</subfield>
  </datafield>
  <datafield tag="533" ind1=" " ind2=" ">
    <subfield code="a">Electronic reproduction.</subfield>
    <subfield code="b">Palo Alto, Calif. :</subfield>
    <subfield code="c">ebrary,</subfield>
    <subfield code="d">2013.</subfield>
    <subfield code="n">Available via World Wide Web.</subfield>
    <subfield code="n">Access may be limited to ebrary affiliated libraries.</subfield>
  </datafield>
  <datafield tag="650" ind1=" " ind2="0">
    <subfield code="a">Social policy.</subfield>
  </datafield>
  <datafield tag="650" ind1=" " ind2="0">
    <subfield code="a">Globalization</subfield>
    <subfield code="x">Social aspects.</subfield>
  </datafield>
  <datafield tag="655" ind1=" " ind2="7">
    <subfield code="a">Electronic books.</subfield>
    <subfield code="2">local</subfield>
  </datafield>
  <datafield tag="700" ind1="1" ind2=" ">
    <subfield code="a">Gacit&#xFFFD;ua-Mari&#xFFFD;o, Estanislao.</subfield>
  </datafield>
  <datafield tag="700" ind1="1" ind2=" ">
    <subfield code="a">Norton, Andrew,</subfield>
    <subfield code="d">1965-</subfield>
  </datafield>
  <datafield tag="700" ind1="1" ind2=" ">
    <subfield code="a">Georgieva, Sophia V.</subfield>
  </datafield>
  <datafield tag="710" ind1="2" ind2=" ">
    <subfield code="a">ebrary, Inc.</subfield>
  </datafield>
  <datafield tag="830" ind1=" " ind2="0">
    <subfield code="a">New frontiers of social policy.</subfield>
  </datafield>
  <datafield tag="856" ind1="4" ind2="0">
    <subfield code="u">http://site.ebrary.com/lib/rucke/Doc?id=10369835</subfield>
    <subfield code="z">An electronic book accessible through the World Wide Web; click to view</subfield>
  </datafield>
  <datafield tag="999" ind1=" " ind2=" ">
    <subfield code="c">110178</subfield>
    <subfield code="d">110178</subfield>
  </datafield>
</record>
